| 000 | 00565nam a22002057a 4500 | ||
|---|---|---|---|
| 999 |
_c323 _d323 |
||
| 003 | OSt | ||
| 005 | 20220425160212.0 | ||
| 008 | 140806b xxu||||| |||| 00| 0 eng d | ||
| 020 | _a0443100578 | ||
| 040 | _cDLC | ||
| 082 | _aWB 100 D281n 2006 | ||
| 100 |
_aEditor Boon, Nicholas A.;[et...al] _913892 |
||
| 245 | _aDavidson's Principles & Practic of Medicine | ||
| 250 | _a20th ed. | ||
| 260 |
_aLondon: _bChurchill Livingstone : _c2006. |
||
| 300 |
_axvi, 1381 p. : _bcol.ill; _c29 cm. |
||
| 504 | _aIncludes index | ||
| 650 |
_aMedicine _9324 |
||
| 942 |
_2z _cB_BANK |
||